| 000 | 01170nam a2200301 a 4500 | ||
|---|---|---|---|
| 001 | 000046673 | ||
| 003 | DO-SdBNP | ||
| 005 | 20240302073951.0 | ||
| 007 | ta | ||
| 008 | 081127s2014 dr a 000 0dspa d | ||
| 020 | _a9789945468151 | ||
| 040 |
_aDO-SdBNP _bspa _cBNPHU |
||
| 082 | 4 |
_a923.27293 _bB663C, 2014 _222 |
|
| 100 | 1 |
_aCassá, Roberto, _d1948- _910888 |
|
| 245 | 1 | 0 |
_aTomás Bobadilla : _bel hombre de estado / _cRoberto Cassá ; ilustraciones José Marcader. |
| 260 |
_aSanto Domingo : _bTobogán, _c2014. _fAlfa & Omega |
||
| 300 |
_a48 p. : _bilustraciones y retratos ; _c21 cm. |
||
| 490 | 0 | _aBiografías dominicanas Tobogán ; | |
| 504 | _aBibliografía : p. 45 | ||
| 505 | 0 |
_aEl saber del poder _tLa guerra del burócrata criollo -- _tJefe conservador -- _tCarrera azarosa -- _tDe anexionista a nacionalista. |
|
| 590 | _aInventariado, 2018/ YL | ||
| 600 | 0 |
_aBobadilla Y Briones, Tomás, _d1785-1871 _91081 |
|
| 651 | 4 |
_aRepúblia Dominicana _xHistoria _y1844- _91082 |
|
| 651 | 4 |
_aRepública Dominicana _vBiografías _91083 |
|
| 700 | 1 |
_aMercader, José, _eilustraciones _956560 |
|
| 830 | 0 |
_aBiografías dominicanas Tobogán _9769 |
|
| 942 |
_2ddc _cLBS1 |
||
| 999 |
_c46162 _d46162 |
||